Ulat bulu bernama Noni (2)

Bibliographic Details
Format: Book
Published: Kuala lumpur : Penerbitan Fargoes Sdn.Bhd. , 1996
Series:Siri kanak-kanak gembira
Subjects:

MARC

LEADER 00000cam a2200000 7i4500
001 0000081080
005 20220105105427.0
008 181016
020 |a 9789830440118 
020 |a 9830440117 
090 0 0 |a JAW 
245 0 0 |a Ulat bulu bernama Noni (2)   |c Disusun oleh Heri Hartina 
260 |a Kuala lumpur :   |b Penerbitan Fargoes Sdn.Bhd. ,   |c 1996 
490 1 |a Siri kanak-kanak gembira 
500 |a Children ages 7-9 years old (orange) 
650 0 |a Jawi   |x Fiction 
999 |a 0000766532   |b Book   |c Children Collection   |e Cawangan Bandar Penawar 
999 |a 0000766534   |b Book   |c Children Collection   |e Cawangan Bandar Penawar 
999 |a 0000766535   |b Book   |c Children Collection   |e Cawangan Bandar Penawar 
999 |a 0000842089   |b Book   |c Children Collection   |e Cawangan Segamat 
999 |a 0000842090   |b Book   |c Children Collection   |e Cawangan Segamat 
999 |a 0000867126   |b Book   |c Children Collection   |e Cawangan Segamat